Select speeches of Dr.Anugrah Narayan Sinha in the legislature (1937-1957) / (Record no. 97785)
[ view plain ]
| 000 -LEADER | |
|---|---|
| fixed length control field | 00651nam a22001937a 4500 |
| 005 - DATE AND TIME OF LATEST TRANSACTION | |
| control field | 20160107132315.0 |
| 010 ## - LCCN (DPL NO) | |
| LC control number | ENG-114305 |
| 020 ## - INTERNATIONAL STANDARD BOOK NUMBER | |
| Terms of availability | 1420.00 |
| International Standard Book Number | 9789381456217 |
| 035 ## - SYSTEM CONTROL NUMBER | |
| System control number | EN-97837 |
| 037 ## - SOURCE OF ACQUISITION | |
| Source of stock number/acquisition | DBAD/PUB |
| 082 ## - DEWEY DECIMAL CLASSIFICATION NUMBER | |
| Classification number | 080 |
| 245 ## - TITLE STATEMENT | |
| Title | Select speeches of Dr.Anugrah Narayan Sinha in the legislature (1937-1957) / |
| Statement of responsibility, etc | edited by Vijoy Kumar...[et al] |
| 260 ## - PUBLICATION, DISTRIBUTION, ETC. (IMPRINT) | |
| Place of publication, distribution, etc | Patna |
| Name of publisher, distributor, etc | Directorate of Bihar State Archive |
| Date of publication, distribution, etc | 2013 |
| 270 ## - ADDRESS | |
| Address | Abhilekh Bhawan Jawaharlal Nehru Marg |
| City | Patna |
| Postal code | 800001 |
| 300 ## - PHYSICAL DESCRIPTION | |
| Extent | xv,1007p. |
| Dimensions | 25cm(Hb) |
| 700 ## - ADDED ENTRY--PERSONAL NAME | |
| Personal name | Vijoy Kumar |
| 710 ## - ADDED ENTRY--CORPORATE NAME | |
| Corporate name or jurisdiction name as entry element | Bihar State Archives Directorate. |
| 942 ## - ADDED ENTRY ELEMENTS (KOHA) | |
| Source of classification or shelving scheme | Dewey Decimal Classification |
| Item type | English Books |
| Call number suffix | SEL |
| Classification part | 080 |
| Withdrawn status | Lost status | Not for loan | Collection code | Home library | Current library | Date acquired | Source of acquisition | Cost, normal purchase price | Full call number | Barcode | Copy number | Cost, replacement price | Koha item type |
|---|---|---|---|---|---|---|---|---|---|---|---|---|---|
| Not For Loan | Non-fiction | D.B.Act.Division | D.B.Act.Division | 14/10/2015 | DBAD/PUB | 1420.00 | 080 SEL | EN-97837 | 1 | 1420.00 | English Books |
